|
|
|
|
| LEADER |
00000nab a2200000 a 4500 |
| 001 |
vtls010723872 |
| 003 |
SK-MaSNL |
| 005 |
20260304192728.0 |
| 008 |
250709s2006 xo |||||||||||||||||slo| |
| 035 |
|
|
|a (urnnbn)urn:nbn:sk:snk:ar-a04umw
|
| 035 |
|
|
|a (uuid)4134d303-b3b3-4bf5-9fc0-0c95ecfb70b2
|
| 035 |
|
|
|a urn:nbn:sk:snk-ab3o5l
|
| 040 |
|
|
|a SNKBUCL
|b slo
|c SNKBUCL
|e AACR2
|
| 041 |
0 |
|
|a slo
|
| 044 |
|
|
|a xo
|c SK
|
| 100 |
1 |
|
|a Ledecká, Katarína
|4 aut
|9 1520734
|
| 245 |
1 |
0 |
|a Protinádorový účinok nesteroidných antiflogistík - literárny prehľad
|c K. Ledecká, J. Hajurka, V. Ledecký
|
| 700 |
1 |
|
|a Hajurka, Jaroslav,
|d 1947-
|4 aut
|9 206393
|
| 700 |
1 |
|
|a Ledecký, Valent,
|d 1950-
|4 aut
|9 204823
|
| 773 |
0 |
|
|t Infovet : veterinársky odborno-informačný časopis
|g Roč. 13, č. 2 (2006), s. 72-75
|
| 850 |
|
|
|a Slovenská národná knižnica
|
| 852 |
|
|
|a Slovenská národná knižnica
|
| 954 |
|
|
|a odborná, vedecká literatúra pôvodná (slovenská)
|2 lita
|
| 958 |
|
|
|a article1
|
| 958 |
|
|
|a OND
|
| 958 |
|
|
|a EUIPO
|
| 999 |
|
|
|c 3064113
|d 3066043
|